Footballers Drawn by AI #1 - Statistics

General Stats
  • This quiz has been taken 19,170 times
  • The average score is 11 of 16
Answer Stats
Picture Answer % Correct
Cristiano Ronaldo
99%
Pelé
96%
Diego Maradona
92%
Zlatan Ibrahimović
88%
Wayne Rooney
86%
Erling Haaland
85%
Luis Suárez
82%
Gareth Bale
81%
Thierry Henry
73%
Johan Cruyff
66%
George Best
48%
Samuel Eto'o
48%
Franz Beckenbauer
42%
Lev Yashin
42%
Peter Schmeichel
41%
Carlos Valderrama
31%
No matching quizzes found
Score Distribution
Percent of People with Each Score
Percentile by Number Answered
Your Score History
You have not taken this quiz